000 01222nam a22002537a 4500
999 _c58459
_d58459
003 Ge_BSU
005 20220322112708.0
008 220322s2021 ge ||||| |||| 00| 0 geo d
020 _a9789941964299
041 _ageo
080 _a81'1(075.8) ა-30
100 _aავალიანი, თემურ
_911975
245 _aენათმეცნიერების შესავალი :
_bსახ-ლო ფილოლოგიის მიმართულების საბაკალავრო სპეც-ვის /
_cთემურ ავალიანი, მარინე აროშიძე; რედ. მამია ფაღავა.
264 _aბათუმი,
_c2021.
300 _a428 გვ.:
_bსურ.;
_c21 სმ.
501 _aტესტები გვ. 346-421
504 _aბიბლიოგრ. გვ. 422-428
653 _aენათმეცნიერება
653 _aფილოლოგია
700 _aაროშიძე, მარინე
_eავტორი
_913519
700 _aფაღავა, მამია
_eრედაქტორი
_913592
773 _tნაჩუქარი
942 _2udc
_cBK